000
00214 a2200109 4500
020
_a
9788429406955
041
_a
spa
100
_a
Santillana
245
_a
Serie Practica Matematicas 4
942
_c
BK
952
_7
1
999
_c
21436
_d
21436